Fourier Analysis / T.W. Korner (Registro nro. 28742)
[ vista simple ]
| 000 -LÍDER | |
|---|---|
| fixed length control field | 00385nam a2200133 4500 |
| 020 ## - NÚMERO INTERNACIONAL NORMALIZADO PARA LIBROS | |
| ISBN | 978-0-521-4 / 978-0-521-38991-4 |
| 050 ## - SIGNATURA TOPOGRAFICA DE LA BIBLIOTECA DEL CONGRESO (LC) | |
| Número de Clasificación | QA403.5 K67 1988 |
| 082 ## - NUMERO DE CLASIFICACION DECIMAL DEWEY | |
| Número de Clasificación | 515.2433 K84f 1988 |
| 100 ## - ASIENTO PRINCIPAL--NOMBRE PERSONAL | |
| Nombre personal | Korner, T.W. |
| 245 ## - TÍTULO | |
| Título | Fourier Analysis / T.W. Korner |
| 260 ## - PUBLICACIÓN, DISTRIBUCIÓN, ETC. (PIE DE IMPRENTA) | |
| Lugar de publicación, distribución, etc. | Cambrige New York: Cambrige University Press, 1988 |
| 300 ## - DESCRIPCIÓN FÍSICA | |
| Extensión | 591 P. / 24.5cm. |
| 650 ## - ASIENTO SECUNDARIO DE MATERIA - TERMINO TEMÁTICO | |
| Término temático o nombre geográfico como elemento de entrada | 1.ANALISIS DE FOURIER |
| No. biblioteca | No. biblioteca | Número de clasificación | Código de barras/Número de adquisición | Número de copia | Tipo de material |
|---|---|---|---|---|---|
| ÁREA DE BÁSICAS | LUIS G. INCLAN | 515.2433 K84f 1988 | 53261 | 3 | Libros |
| ÁREA DE BÁSICAS | ÁREA DE BÁSICAS | 515.2433 K84f 1988 | 53259 | 1 | Libros |
| ÁREA DE BÁSICAS | ÁREA DE BÁSICAS | 515.2433 K84f 1988 | 53260 | 2 | Libros |
